[Event "Iran Women Ch.2016"]
[Site "Tehran"]
[Date "2016.01.19"]
[Round "6.8"]
[White "Asadi, Motahare"]
[Black "Karimi, Yeganeh"]
[Result "1-0"]
[BlackElo "1971"]
[WhiteElo "1833"]
[LiveChessVersion "1.4.7"]

1. d4 {[%clk 1:30:25]} Nf6 {[%clk 1:30:56]} 2. c4 {[%clk 1:30:47]} c5
{[%clk 1:30:20]} 3. d5 {[%clk 1:30:23]} e6 {[%clk 1:29:09]} 4. Nc3
{[%clk 1:30:15]} exd5 {[%clk 1:29:27]} 5. cxd5 {[%clk 1:25:18]} d6
{[%clk 1:29:49]} 6. Nf3 {[%clk 1:25:35]} g6 {[%clk 1:29:48]} 7. e4
{[%clk 1:25:39]} Bg7 {[%clk 1:30:02]} 8. g3 {[%clk 1:26:02]} O-O {[%clk 1:30:27]}
9. Bg2 {[%clk 1:26:07]} Re8 {[%clk 1:30:55]} 10. Nd2 {[%clk 1:26:25]} Nxe4
{[%clk 1:06:16]} 11. Ncxe4 {[%clk 1:23:07]} f5 {[%clk 1:06:41]} 12. O-O
{[%clk 1:23:06]} fxe4 {[%clk 1:07:11]} 13. Nxe4 {[%clk 1:23:27]} Bf5
{[%clk 1:06:20]} 14. Bg5 {[%clk 1:23:11]} Qc7 {[%clk 1:02:58]} 15. Nf6+
{[%clk 1:23:11]} Bxf6 {[%clk 1:03:26]} 16. Bxf6 {[%clk 1:23:34]} Nd7
{[%clk 1:03:32]} 17. Bc3 {[%clk 1:24:00]} Ne5 {[%clk 1:02:53]} 18. b3
{[%clk 1:21:54]} b5 {[%clk 1:02:39]} 19. Re1 {[%clk 1:17:46]} Rad8
{[%clk 1:02:00]} 20. a3 {[%clk 1:15:49]} Qd7 {[%clk 0:56:46]} 21. f4
{[%clk 1:14:20]} Bg4 {[%clk 0:55:22]} 22. Qd2 {[%clk 1:13:03]} Nf3+
{[%clk 0:55:12]} 23. Bxf3 {[%clk 1:12:18]} Bxf3 {[%clk 0:55:41]} 24. Kf2
{[%clk 1:09:36]} Bh5 {[%clk 0:45:41]} 25. Kg1 {[%clk 1:04:00]} a6
{[%clk 0:38:57]} 26. Bb2 {[%clk 1:04:01]} h6 {[%clk 0:34:42]} 27. Qc3
{[%clk 1:03:37]} Kh7 {[%clk 0:34:50]} 28. Qf6 {[%clk 1:02:47]} Bg4
{[%clk 0:33:32]} 29. Kf2 {[%clk 1:01:09]} g5 {[%clk 0:32:42]} 30. h4
{[%clk 0:59:36]} gxh4 {[%clk 0:32:27]} 31. gxh4 {[%clk 0:59:59]} h5
{[%clk 0:32:24]} 32. Bc3 {[%clk 0:54:53]} Rc8 {[%clk 0:28:45]} 33. Rxe8
{[%clk 0:46:14]} Rxe8 {[%clk 0:29:11]} 34. Re1 {[%clk 0:46:37]} Rxe1
{[%clk 0:29:18]} 35. Kxe1 {[%clk 0:46:59]} Qe8+ {[%clk 0:29:05]} 36. Kd2
{[%clk 0:47:08]} Qg8 {[%clk 0:16:49]} 37. Qe7+ {[%clk 0:47:06]} Kh6
{[%clk 0:17:11]} 38. Qxd6+ {[%clk 0:47:32]} Kh7 {[%clk 0:16:51]} 39. Qxc5
{[%clk 0:44:43]} Qf7 {[%clk 0:16:19]} 40. Qd4 {[%clk 0:44:54]} Kg6
{[%clk 0:16:03]} 41. Qe5 {[%clk 0:44:28]} Bd7 {[%clk 0:14:57]} 42. d6
{[%clk 0:40:04]} Be6 {[%clk 0:14:10]} 43. b4 {[%clk 0:40:22]} Bf5
{[%clk 0:12:47]} 44. Ke3 {[%clk 0:37:03]} Qa7+ {[%clk 0:11:15]} 45. Bd4
{[%clk 0:37:05]} Qf7 {[%clk 0:11:38]} 46. Bc3 {[%clk 0:28:58]} Qa7+
{[%clk 0:11:49]} 47. Qc5 {[%clk 0:29:24]} Qf7 {[%clk 0:11:44]} 48. Qe5
{[%clk 0:25:31]} Qa7+ {[%clk 0:12:04]} 49. Bd4 {[%clk 0:25:56]} Qf7
{[%clk 0:12:28]} 50. Qh8 {[%clk 0:23:36]} Qb3+ {[%clk 0:10:55]} 51. Bc3
{[%clk 0:23:55]} Qe6+ {[%clk 0:10:51]} 52. Kf2 {[%clk 0:24:17]} Qf7
{[%clk 0:09:40]} 53. Qd8 {[%clk 0:18:40]} Qa7+ {[%clk 0:08:11]} 54. Kf3
{[%clk 0:14:32]} Bg4+ {[%clk 0:08:10]} 55. Ke4 {[%clk 0:14:14]} Qb7+
{[%clk 0:04:25]} 56. Kd4 {[%clk 0:14:02]} Qa7+ {[%clk 0:03:57]} 57. Ke4
{[%clk 0:11:05]} Qb7+ {[%clk 0:04:23]} 58. Ke3 {[%clk 0:04:43]} Qf3+
{[%clk 0:04:39]} 59. Kd4 {[%clk 0:05:09]} Qxf4+ {[%clk 0:02:46]} 60. Kc5
{[%clk 0:03:42]} Qc4+ {[%clk 0:03:06]} 61. Kb6 {[%clk 0:04:08]} Qxc3
{[%clk 0:03:15]} 62. Qg5+ {[%clk 0:03:38]} Kh7 {[%clk 0:03:02]} 63. Qe7+
{[%clk 0:04:00]} Qg7 {[%clk 0:02:03]} 64. Qe4+ {[%clk 0:03:31]} Kg8
{[%clk 0:01:20]} 65. Qe8+ {[%clk 0:03:30]} Kh7 {[%clk 0:01:49]} 66. Kxa6
{[%clk 0:03:43]} Qd7 {[%clk 0:00:37]} 67. Qxd7+ {[%clk 0:01:55]} Bxd7
{[%clk 0:01:03]} 68. Kb6 {[%clk 0:02:17]} Kg6 {[%clk 0:01:16]} 69. Kc7
{[%clk 0:02:42]} Be6 {[%clk 0:01:38]} 70. d7 {[%clk 0:03:08]} Bxd7
{[%clk 0:02:02]} 71. Kxd7 {[%clk 0:03:34]} Kf5 {[%clk 0:02:30]} 72. Kc6
{[%clk 0:03:55]} Kg4 {[%clk 0:02:57]} 73. Kxb5 {[%clk 0:04:20]} Kxh4
{[%clk 0:03:06]} 74. a4 {[%clk 0:04:43]} 1-0

[Event "Iran Women Ch.2016"]
[Site "Tehran"]
[Date "2016.01.19"]
[Round "6.9"]
[White "Hamedi Nia, Vesal"]
[Black "Azali, Tannaz"]
[Result "1-0"]
[BlackElo "1818"]
[WhiteElo "1833"]
[LiveChessVersion "1.4.7"]

1. d4 {[%clk 1:30:56]} Nf6 {[%clk 1:30:50]} 2. c4 {[%clk 1:31:19]} e6
{[%clk 1:31:12]} 3. Nc3 {[%clk 1:31:44]} Bb4 {[%clk 1:31:35]} 4. Bg5
{[%clk 1:31:12]} h6 {[%clk 1:31:50]} 5. Bh4 {[%clk 1:30:37]} O-O {[%clk 1:30:13]}
6. Qc2 {[%clk 1:30:16]} d5 {[%clk 1:28:41]} 7. e3 {[%clk 1:29:59]} Nbd7
{[%clk 1:25:03]} 8. Nf3 {[%clk 1:29:22]} c5 {[%clk 1:24:04]} 9. cxd5
{[%clk 1:28:04]} exd5 {[%clk 1:24:25]} 10. a3 {[%clk 1:24:39]} cxd4
{[%clk 1:21:47]} 11. Nxd4 {[%clk 1:23:56]} Bxc3+ {[%clk 1:20:40]} 12. Qxc3
{[%clk 1:23:57]} Ne4 {[%clk 1:17:16]} 13. Bxd8 {[%clk 1:23:19]} Nxc3
{[%clk 1:17:45]} 14. Be7 {[%clk 1:19:13]} Re8 {[%clk 1:17:14]} 15. Bb4
{[%clk 1:18:48]} Ne4 {[%clk 1:17:11]} 16. Nb5 {[%clk 1:18:26]} Re5
{[%clk 1:15:08]} 17. f4 {[%clk 1:16:11]} Rh5 {[%clk 1:13:56]} 18. Be2
{[%clk 1:14:32]} Rh4 {[%clk 1:12:17]} 19. O-O {[%clk 1:13:27]} Ndf6
{[%clk 1:10:46]} 20. Be1 {[%clk 1:12:25]} Bg4 {[%clk 1:10:10]} 21. Bxh4
{[%clk 1:12:27]} Bxe2 {[%clk 1:10:21]} 22. Nc7 {[%clk 1:12:41]} Rc8
{[%clk 1:09:52]} 23. Rfc1 {[%clk 1:12:12]} a6 {[%clk 1:08:22]} 24. Bxf6
{[%clk 1:11:40]} Nxf6 {[%clk 1:08:08]} 25. b3 {[%clk 1:07:37]} Rd8
{[%clk 1:01:57]} 26. Re1 {[%clk 1:05:41]} Bd3 {[%clk 1:01:27]} 27. Rac1
{[%clk 1:05:18]} Kf8 {[%clk 1:00:37]} 28. Red1 {[%clk 1:04:01]} Be4
{[%clk 0:59:49]} 29. b4 {[%clk 1:03:08]} Ng4 {[%clk 0:55:22]} 30. Rc3
{[%clk 1:03:10]} Ke7 {[%clk 0:50:31]} 31. b5 {[%clk 1:00:58]} Rd6
{[%clk 0:50:53]} 32. h3 {[%clk 0:56:59]} Nf6 {[%clk 0:51:01]} 33. Rdc1
{[%clk 0:56:31]} Kd7 {[%clk 0:45:22]} 34. a4 {[%clk 0:53:24]} h5 {[%clk 0:38:30]}
35. a5 {[%clk 0:51:53]} d4 {[%clk 0:36:58]} 36. exd4 {[%clk 0:50:29]} Rxd4
{[%clk 0:37:01]} 37. bxa6 {[%clk 0:50:02]} bxa6 {[%clk 0:37:10]} 38. Nxa6
{[%clk 0:50:14]} Nd5 {[%clk 0:36:44]} 39. Nc5+ {[%clk 0:49:38]} Ke7
{[%clk 0:36:13]} 40. Nxe4 {[%clk 0:49:14]} Rxe4 {[%clk 0:36:21]} 41. Rc4
{[%clk 0:49:22]} Re2 {[%clk 0:36:31]} 42. R1c2 {[%clk 0:46:52]} Re6
{[%clk 0:35:41]} 43. Rd2 {[%clk 0:46:30]} Nf6 {[%clk 0:34:19]} 44. Rc7+
{[%clk 0:46:44]} Ke8 {[%clk 0:34:41]} 45. Rb2 {[%clk 0:46:22]} Nd7
{[%clk 0:34:49]} 46. Rbb7 {[%clk 0:46:32]} Rd6 {[%clk 0:34:38]} 47. a6
{[%clk 0:46:46]} 1-0

[Event "Iran Women Ch.2016"]
[Site "Tehran"]
[Date "2016.01.19"]
[Round "6.10"]
[White "Khachatourians, Teni"]
[Black "Asgharzadeh, Mitra"]
[Result "0-1"]
[BlackElo "1907"]
[WhiteElo "1771"]
[LiveChessVersion "1.4.7"]

1. e4 {[%clk 1:28:22]} c5 {[%clk 1:30:48]} 2. Nc3 {[%clk 1:28:45]} Nc6
{[%clk 1:31:15]} 3. f4 {[%clk 1:28:53]} g6 {[%clk 1:30:46]} 4. Nf3
{[%clk 1:29:14]} Bg7 {[%clk 1:31:00]} 5. Bc4 {[%clk 1:29:34]} d6 {[%clk 1:28:11]}
6. O-O {[%clk 1:29:08]} Nf6 {[%clk 1:27:21]} 7. d3 {[%clk 1:29:12]} O-O
{[%clk 1:27:16]} 8. Qe1 {[%clk 1:28:53]} Nd4 {[%clk 1:14:41]} 9. Nxd4
{[%clk 1:27:02]} cxd4 {[%clk 1:14:49]} 10. Ne2 {[%clk 1:22:21]} d5
{[%clk 1:10:09]} 11. exd5 {[%clk 1:21:43]} Nxd5 {[%clk 1:10:30]} 12. Qg3
{[%clk 1:11:00]} Bf5 {[%clk 1:05:44]} 13. Qf3 {[%clk 1:06:31]} Nb6
{[%clk 1:00:18]} 14. Bb3 {[%clk 1:05:06]} Qd7 {[%clk 0:56:30]} 15. Ng3
{[%clk 1:01:24]} Be6 {[%clk 0:48:00]} 16. Ne4 {[%clk 0:48:34]} Rac8
{[%clk 0:46:59]} 17. Nd2 {[%clk 0:43:39]} a5 {[%clk 0:40:39]} 18. a4
{[%clk 0:35:15]} Rc6 {[%clk 0:35:13]} 19. Ne4 {[%clk 0:33:52]} Bxb3
{[%clk 0:32:55]} 20. cxb3 {[%clk 0:34:12]} Nd5 {[%clk 0:32:13]} 21. f5
{[%clk 0:29:51]} Ne3 {[%clk 0:25:55]} 22. Bxe3 {[%clk 0:23:22]} dxe3
{[%clk 0:26:20]} 23. f6 {[%clk 0:22:53]} exf6 {[%clk 0:26:36]} 24. Qxe3
{[%clk 0:19:46]} f5 {[%clk 0:26:33]} 25. Nf2 {[%clk 0:16:38]} Bxb2
{[%clk 0:25:53]} 26. Rad1 {[%clk 0:15:57]} Bd4 {[%clk 0:25:37]} 27. Qh3
{[%clk 0:13:08]} Rc2 {[%clk 0:24:21]} 28. Qf3 {[%clk 0:11:30]} Re8
{[%clk 0:23:45]} 29. Rc1 {[%clk 0:10:15]} Bxf2+ {[%clk 0:23:49]} 0-1

[Event "Iran Women Ch.2016"]
[Site "Tehran"]
[Date "2016.01.19"]
[Round "6.11"]
[White "Lotfi, Aylar"]
[Black "Mobarhani, Nazanin"]
[Result "1/2-1/2"]
[BlackElo "1856"]
[WhiteElo "1973"]
[LiveChessVersion "1.4.7"]

1. c4 e6 2. g3 d5 3. Bg2 Nf6 4. Nf3 c6 5. b3 Be7 6. Bb2 Nbd7 7. O-O O-O 8. d3 Re8
9. Nbd2 Bf8 10. Rc1 e5 11. cxd5 cxd5 12. Qc2 Bd6 13. e4 Nb6 14. exd5 Nfxd5 15. a3
Bf5 16. Nh4 Rc8 17. Nc4 Be6 18. Qe2 f6 19. Be4 Bf8 20. Qf3 Rb8 21. d4 exd4 22.
Rfd1 Qe7 23. Rxd4 Qf7 24. Nf5 Nxc4 25. Rdxc4 Rbd8 26. Nd4 Kh8 27. Nxe6 Qxe6 28.
Qh5 Qg8 29. Qh3 h6 30. Qg2 Nb6 31. R4c2 Qxb3 32. h4 Na4 33. Bc3 Nxc3 34. Rxc3 Qb6
35. Qf3 Qe6 36. Re3 Qg8 37. Kg2 Re5 38. Rc7 Bc5 39. Rc3 b6 40. Rc2 Qe6 41. Bg6 a5
42. Bf7 Qf5 43. Qxf5 Rxf5 44. a4 Re5 45. Bg6 Re6 46. h5 Re5 47. Rb7 Re6 48. Kf3
Re5 49. Re2 Rxe2 50. Kxe2 Kg8 51. Bf7+ Kf8 52. Bc4 Re8+ 53. Kf3 Re7 54. Rb8+ Re8
1/2-1/2

[Event "Iran Women Ch.2016"]
[Site "Tehran"]
[Date "2016.01.19"]
[Round "6.12"]
[White "Ghazizadeh, Asana"]
[Black "Davoodi, Yasaman"]
[Result "1/2-1/2"]
[BlackElo "1844"]
[WhiteElo "1864"]
[LiveChessVersion "1.4.7"]

1. d4 Nf6 2. c4 g6 3. Nc3 Bg7 4. e4 d6 5. Nf3 O-O 6. Be2 Nbd7 7. O-O c5 8. Re1
cxd4 9. Nxd4 Nc5 10. Bf1 Ng4 11. h3 Ne5 12. b4 Ned3 13. Bxd3 Bxd4 14. Bb2 Nxd3
15. Qxd3 Bg7 16. Rad1 Be6 17. Re2 Rc8 18. Nd5 Bxb2 19. Rxb2 Qd7 20. Rbd2 Bxd5 21.
Qxd5 Qc6 22. Qxc6 Rxc6 23. c5 dxc5 24. bxc5 Rfc8 25. Rb2 R6c7 26. Rdb1 Rb8 27. a4
e6 28. Rb5 Kf8 29. Ra5 Ra8 30. Rab5 Rb8 31. Kf1 a6 32. Rb6 Rxc5 33. Rxb7 Rxb7 34.
Rxb7 1/2-1/2

[Event "Iran Women Ch.2016"]
[Site "Tehran"]
[Date "2016.01.20"]
[Round "7.1"]
[White "Hejazipour, Mitra"]
[Black "Alavi, Homa"]
[Result "1-0"]
[BlackElo "1935"]
[WhiteElo "2357"]
[LiveChessVersion "1.4.7"]

1. e4 c5 2. Nf3 e6 3. d4 cxd4 4. Nxd4 a6 5. Bd3 Nf6 {[%clk 1:32:29]} 6. O-O
{[%clk 1:31:31]} Qc7 {[%clk 1:32:27]} 7. Qe2 {[%clk 1:31:38]} d6 {[%clk 1:32:25]}
8. c4 {[%clk 1:31:56]} Be7 {[%clk 1:32:45]} 9. Nc3 {[%clk 1:32:04]} O-O
{[%clk 1:32:53]} 10. f4 {[%clk 1:30:35]} Nbd7 {[%clk 1:29:49]} 11. Be3
{[%clk 1:25:48]} Re8 {[%clk 1:29:29]} 12. Rac1 {[%clk 1:24:44]} e5
{[%clk 1:25:39]} 13. Nf5 {[%clk 1:17:41]} Bf8 {[%clk 1:25:51]} 14. Kh1
{[%clk 1:12:15]} exf4 {[%clk 1:22:19]} 15. Bxf4 {[%clk 1:12:28]} Ne5
{[%clk 1:15:14]} 16. Nh6+ {[%clk 0:52:56]} gxh6 {[%clk 1:11:27]} 17. Bxe5
{[%clk 0:53:18]} Rxe5 {[%clk 1:10:27]} 18. Rxf6 {[%clk 0:53:36]} Bg7
{[%clk 1:10:43]} 19. Rf4 {[%clk 0:45:59]} Be6 {[%clk 1:06:44]} 20. Qf1
{[%clk 0:42:58]} Qe7 {[%clk 0:59:14]} 21. Qf2 {[%clk 0:41:45]} Kh8
{[%clk 0:53:14]} 22. Rf1 {[%clk 0:38:09]} Rg8 {[%clk 0:47:13]} 23. Nd5
{[%clk 0:25:21]} Qd8 {[%clk 0:46:04]} 24. Nf6 {[%clk 0:21:18]} Bxf6
{[%clk 0:34:41]} 25. Rxf6 {[%clk 0:21:46]} Rg6 {[%clk 0:34:33]} 26. Rf4
{[%clk 0:21:37]} Qg8 {[%clk 0:32:03]} 27. Rd1 {[%clk 0:20:17]} Reg5
{[%clk 0:29:17]} 28. Bf1 {[%clk 0:19:35]} Bh3 {[%clk 0:16:53]} 29. g3
{[%clk 0:11:26]} Bg4 {[%clk 0:16:48]} 30. Rd2 {[%clk 0:11:40]} f5
{[%clk 0:15:51]} 31. h4 {[%clk 0:09:59]} Rh5 {[%clk 0:15:11]} 32. exf5
{[%clk 0:10:23]} Rg7 {[%clk 0:07:22]} 33. f6 {[%clk 0:10:40]} Rf7
{[%clk 0:06:30]} 34. Rxd6 {[%clk 0:10:59]} Bd7 {[%clk 0:06:16]} 35. Bg2
{[%clk 0:09:33]} Re5 {[%clk 0:05:29]} 36. Qd4 {[%clk 0:06:16]} Qe8
{[%clk 0:05:18]} 37. Rxd7 {[%clk 0:05:23]} Rxd7 {[%clk 0:04:54]} 38. f7
{[%clk 0:05:31]} 1-0

[Event "Iran Women Ch.2016"]
[Site "Tehran"]
[Date "2016.01.20"]
[Round "7.2"]
[White "Zahedifar, Anahita"]
[Black "Khademalsharieh, Sarasadat"]
[Result "0-1"]
[BlackElo "2392"]
[WhiteElo "1982"]
[LiveChessVersion "1.4.7"]

1. c4 {[%clk 1:30:56]} Nf6 {[%clk 1:30:53]} 2. Nc3 {[%clk 1:31:19]} e6
{[%clk 1:31:18]} 3. e4 {[%clk 1:31:41]} d5 {[%clk 1:31:42]} 4. cxd5 exd5
{[%clk 1:32:07]} 5. e5 {[%clk 1:31:57]} Ne4 {[%clk 1:32:31]} 6. d4
{[%clk 1:32:14]} Nxc3 7. bxc3 {[%clk 1:32:35]} c5 {[%clk 1:29:52]} 8. Bb5+
{[%clk 1:30:55]} Nc6 {[%clk 1:29:58]} 9. Qa4 {[%clk 1:28:12]} Bd7
{[%clk 1:29:02]} 10. Ne2 {[%clk 1:26:46]} a6 {[%clk 1:16:44]} 11. Bxc6
{[%clk 1:26:52]} Bxc6 {[%clk 1:17:09]} 12. Qc2 {[%clk 1:26:33]} Be7
{[%clk 1:15:26]} 13. O-O {[%clk 1:23:48]} O-O {[%clk 1:13:16]} 14. f4
{[%clk 1:20:40]} Bb5 {[%clk 0:50:37]} 15. Rf3 {[%clk 1:17:06]} f5
{[%clk 0:47:33]} 16. Be3 {[%clk 1:10:45]} b6 {[%clk 0:46:43]} 17. Rb1
{[%clk 0:58:48]} Qd7 {[%clk 0:45:19]} 18. Rff1 {[%clk 0:51:34]} Rac8
{[%clk 0:44:37]} 19. Qd2 {[%clk 0:48:36]} Rc6 {[%clk 0:39:53]} 20. Rfc1
{[%clk 0:40:35]} Rd8 {[%clk 0:35:46]} 21. Rb2 {[%clk 0:32:24]} c4
{[%clk 0:24:48]} 22. Rf1 {[%clk 0:29:58]} Ba4 {[%clk 0:25:05]} 23. g4
{[%clk 0:25:44]} Rg6 {[%clk 0:24:14]} 24. g5 {[%clk 0:25:38]} b5 {[%clk 0:24:00]}
25. Nc1 {[%clk 0:20:21]} a5 {[%clk 0:24:01]} 26. Nb3 {[%clk 0:19:48]} cxb3
{[%clk 0:22:21]} 27. axb3 {[%clk 0:20:14]} Bxb3 {[%clk 0:22:48]} 28. Rxb3
{[%clk 0:20:32]} a4 {[%clk 0:23:02]} 29. Rbb1 {[%clk 0:19:45]} Rc8
{[%clk 0:23:02]} 30. Qd3 {[%clk 0:18:36]} Rc4 {[%clk 0:20:56]} 31. Bd2
{[%clk 0:16:35]} Rb6 {[%clk 0:15:53]} 32. Rfe1 {[%clk 0:14:32]} Qe6
{[%clk 0:16:13]} 33. Ra1 {[%clk 0:14:00]} Kf7 {[%clk 0:13:10]} 34. Reb1
{[%clk 0:10:45]} Qg6 {[%clk 0:09:22]} 35. Qf3 {[%clk 0:09:47]} Ke6
{[%clk 0:08:02]} 36. Rb2 {[%clk 0:06:09]} h5 {[%clk 0:08:21]} 37. Qg2
{[%clk 0:04:02]} Qe8 {[%clk 0:06:26]} 38. g6 {[%clk 0:04:16]} Qc6
{[%clk 0:06:45]} 39. Qh3 {[%clk 0:04:15]} h4 {[%clk 0:06:40]} 40. Rab1
{[%clk 0:02:51]} a3 {[%clk 0:05:13]} 41. Rb3 {[%clk 0:02:54]} Ra4
{[%clk 0:03:29]} 42. Qd3 {[%clk 0:02:14]} Qc4 {[%clk 0:03:35]} 43. Qc2
{[%clk 0:01:56]} Qe2 {[%clk 0:02:23]} 44. h3 {[%clk 0:01:20]} a2 {[%clk 0:01:36]}
45. Ra1 {[%clk 0:01:41]} Qf3 {[%clk 0:01:20]} 46. c4 {[%clk 0:01:50]} Qe4
{[%clk 0:01:33]} 47. Qxe4 {[%clk 0:01:23]} fxe4 {[%clk 0:01:58]} 48. c5
{[%clk 0:01:02]} Rb8 {[%clk 0:02:18]} 49. Bc3 {[%clk 0:01:01]} Kf5
{[%clk 0:02:30]} 50. Kf2 {[%clk 0:00:56]} Kxf4 {[%clk 0:02:09]} 51. Rb2
{[%clk 0:00:45]} Ra3 {[%clk 0:01:06]} 52. Be1 {[%clk 0:00:35]} Rxh3
{[%clk 0:01:17]} 53. Kg2 {[%clk 0:00:45]} Rd3 {[%clk 0:01:20]} 54. Rf2+
{[%clk 0:00:53]} Kg4 {[%clk 0:01:21]} 55. Rf7 {[%clk 0:00:55]} Bg5
{[%clk 0:01:27]} 56. Rxg7 {[%clk 0:00:49]} h3+ {[%clk 0:01:49]} 57. Kh1
{[%clk 0:01:12]} Rf3 {[%clk 0:00:50]} 58. Rf7 {[%clk 0:01:24]} Bf4
{[%clk 0:00:41]} 59. Bb4 {[%clk 0:01:22]} Rf2 {[%clk 0:01:05]} 60. g7
{[%clk 0:00:34]} Rg8 {[%clk 0:01:19]} 61. c6 {[%clk 0:00:36]} e3 {[%clk 0:01:18]}
62. c7 {[%clk 0:00:34]} e2 {[%clk 0:01:41]} 63. Rxf4+ {[%clk 0:00:41]} Kxf4
{[%clk 0:02:04]} 64. Bf8 {[%clk 0:00:35]} Rf1+ {[%clk 0:02:06]} 65. Kh2
{[%clk 0:01:01]} Rxa1 {[%clk 0:02:28]} 0-1

[Event "Iran Women Ch.2016"]
[Site "Tehran"]
[Date "2016.01.20"]
[Round "7.3"]
[White "Pourkashiyan, Atousa"]
[Black "Hashemi, Seyede Fatemeh"]
[Result "1-0"]
[BlackElo "1812"]
[WhiteElo "2338"]
[LiveChessVersion "1.4.7"]

1. e4 c6 2. d4 d5 3. Nd2 dxe4 4. Nxe4 Bf5 5. Ng3 Bg6 6. h4 h6 7. Nf3 Nd7 8. h5
Bh7 9. Bd3 Bxd3 10. Qxd3 e6 11. Bd2 Ngf6 12. O-O-O Be7 13. Kb1 O-O 14. Ne4 Nxe4
15. Qxe4 Nf6 16. Qe2 Qd5 17. Be3 Qb5 18. c4 Qf5+ 19. Ka1 Ng4 20. Bc1 Nf6 21. Ne5
Bd6 22. f3 Rad8 23. g4 Qh7 24. Rdg1 Nd7 25. g5 hxg5 26. Bxg5 Bxe5 27. dxe5
{[%clk 0:35:17]} Rde8 {[%clk 0:15:24]} 28. Bf6 {[%clk 0:34:31]} Nxf6
{[%clk 0:13:32]} 29. exf6 {[%clk 0:34:48]} 1-0

[Event "Iran Women Ch.2016"]
[Site "Tehran"]
[Date "2016.01.20"]
[Round "7.4"]
[White "Asgharzadeh, Mitra"]
[Black "Alinasab, Mobina"]
[Result "1/2-1/2"]
[BlackElo "2112"]
[WhiteElo "1907"]
[LiveChessVersion "1.4.7"]

1. d4 {[%clk 1:30:55]} e6 {[%clk 1:30:39]} 2. Nf3 {[%clk 1:31:18]} Nf6 3. e3
{[%clk 1:31:36]} b6 {[%clk 1:31:15]} 4. Bd3 {[%clk 1:32:01]} Bb7 {[%clk 1:31:37]}
5. O-O {[%clk 1:32:23]} c5 {[%clk 1:32:03]} 6. c4 {[%clk 1:32:47]} cxd4
{[%clk 1:32:29]} 7. exd4 {[%clk 1:33:11]} d6 {[%clk 1:32:54]} 8. Nc3
{[%clk 1:33:30]} Nbd7 {[%clk 1:32:33]} 9. b3 {[%clk 1:20:43]} Be7
{[%clk 1:32:57]} 10. Bb2 {[%clk 1:18:29]} O-O {[%clk 1:32:09]} 11. Re1
{[%clk 1:18:47]} a6 {[%clk 1:31:34]} 12. h3 {[%clk 1:18:47]} Re8 {[%clk 1:31:18]}
13. Re3 {[%clk 1:17:57]} Bf8 {[%clk 1:28:39]} 14. Qe2 {[%clk 1:03:35]} Qc7
{[%clk 1:26:07]} 15. Re1 {[%clk 1:02:59]} g6 {[%clk 1:23:38]} 16. Qd1
{[%clk 0:52:52]} Bh6 {[%clk 1:17:19]} 17. R3e2 {[%clk 0:53:07]} Nh5
{[%clk 1:14:53]} 18. Be4 {[%clk 0:48:19]} Nhf6 {[%clk 1:01:58]} 19. Bxb7
{[%clk 0:47:31]} Qxb7 {[%clk 1:02:27]} 20. a4 {[%clk 0:40:02]} Rac8
{[%clk 1:01:10]} 21. Ne4 {[%clk 0:38:13]} Nxe4 {[%clk 1:00:43]} 22. Rxe4
{[%clk 0:38:41]} Bg7 {[%clk 0:49:05]} 23. Qe2 {[%clk 0:34:29]} Nf6
{[%clk 0:48:04]} 24. Re3 {[%clk 0:33:53]} d5 {[%clk 0:36:50]} 25. Ne5
{[%clk 0:31:07]} Ne4 {[%clk 0:35:13]} 26. cxd5 {[%clk 0:26:31]} exd5
{[%clk 0:35:34]} 27. Qd3 {[%clk 0:25:35]} f6 {[%clk 0:30:44]} 28. Ng4
{[%clk 0:23:08]} f5 {[%clk 0:27:16]} 29. Ne5 {[%clk 0:22:27]} Bf8
{[%clk 0:25:14]} 30. h4 {[%clk 0:17:10]} Bb4 {[%clk 0:25:05]} 31. Rd1
{[%clk 0:16:41]} Bc3 {[%clk 0:25:08]} 32. Bxc3 {[%clk 0:15:52]} Rxc3
{[%clk 0:25:31]} 33. Qf1 {[%clk 0:10:59]} Rc2 {[%clk 0:24:50]} 34. f3
{[%clk 0:09:45]} f4 {[%clk 0:24:34]} 35. Ree1 {[%clk 0:08:35]} Ng3
{[%clk 0:23:22]} 36. Qd3 {[%clk 0:08:51]} Qc8 {[%clk 0:12:10]} 37. Nxg6
{[%clk 0:03:46]} Ne2+ {[%clk 0:09:52]} 38. Kh2 {[%clk 0:01:37]} Rc3
{[%clk 0:07:52]} 39. Qb1 {[%clk 0:01:51]} Rce3 {[%clk 0:07:25]} 40. Ne5
{[%clk 0:01:27]} Nc3 {[%clk 0:06:42]} 41. Qb2 {[%clk 0:01:05]} Nxd1
{[%clk 0:06:42]} 42. Rxd1 {[%clk 0:01:34]} Rc3 {[%clk 0:06:38]} 43. Nc4
{[%clk 0:01:10]} Ree3 {[%clk 0:05:47]} 44. Nxe3 {[%clk 0:00:47]} fxe3
{[%clk 0:06:16]} 45. Re1 {[%clk 0:00:46]} Qc7+ {[%clk 0:06:01]} 46. Kh3
{[%clk 0:00:40]} Rc2 {[%clk 0:05:33]} 47. Qa3 {[%clk 0:00:59]} e2
{[%clk 0:05:25]} 48. Qb4 {[%clk 0:00:51]} Kf7 {[%clk 0:04:32]} 49. Qa3
{[%clk 0:00:52]} Qc3 {[%clk 0:04:31]} 50. Qd6 {[%clk 0:00:43]} Qc8+
{[%clk 0:00:33]} 51. Kh2 {[%clk 0:00:42]} Qe6 {[%clk 0:00:35]} 52. Qxe6+
{[%clk 0:00:39]} Kxe6 {[%clk 0:01:04]} 53. Kg3 {[%clk 0:00:55]} Rb2
{[%clk 0:00:37]} 54. Kf2 {[%clk 0:01:19]} Rxb3 {[%clk 0:01:04]} 55. Rxe2+
{[%clk 0:01:44]} Kd6 {[%clk 0:01:01]} 56. Re3 {[%clk 0:00:39]} Rb4
{[%clk 0:01:11]} 57. Ra3 {[%clk 0:00:44]} Rxd4 {[%clk 0:01:33]} 58. g4
{[%clk 0:01:07]} h5 {[%clk 0:00:50]} 59. Kg3 {[%clk 0:00:54]} hxg4
{[%clk 0:00:35]} 60. fxg4 {[%clk 0:01:22]} Ke5 {[%clk 0:00:42]} 61. h5
{[%clk 0:01:00]} Rc4 {[%clk 0:00:57]} 62. Re3+ {[%clk 0:00:59]} Kf6
{[%clk 0:01:17]} 63. Rf3+ {[%clk 0:01:11]} Kg7 {[%clk 0:01:08]} 64. Ra3
{[%clk 0:00:47]} d4 {[%clk 0:00:44]} 65. Kf2 {[%clk 0:00:53]} Kh6
{[%clk 0:00:51]} 66. Rb3 {[%clk 0:00:44]} Rc6 {[%clk 0:00:52]} 67. Ke2
{[%clk 0:00:48]} Kg5 {[%clk 0:01:15]} 68. Kd3 {[%clk 0:00:36]} Kxg4
{[%clk 0:01:12]} 69. Kxd4 {[%clk 0:01:16]} Kxh5 {[%clk 0:02:08]} 70. Kd5
{[%clk 0:01:15]} Rf6 {[%clk 0:01:40]} 71. Rg3 {[%clk 0:00:37]} Rf4
{[%clk 0:00:49]} 72. Rb3 {[%clk 0:00:41]} Rf6 {[%clk 0:00:39]} 73. Rg3
{[%clk 0:01:03]} a5 {[%clk 0:00:41]} 74. Kc4 {[%clk 0:00:56]} Rf4+
{[%clk 0:00:35]} 75. Kb3 {[%clk 0:00:55]} Rb4+ {[%clk 0:00:33]} 76. Ka3
{[%clk 0:01:18]} Rf4 {[%clk 0:00:39]} 77. Kb3 {[%clk 0:01:26]} Rb4+
{[%clk 0:00:37]} 78. Ka3 {[%clk 0:01:48]} Rf4 {[%clk 0:00:36]} 79. Kb3
{[%clk 0:02:11]} Rf6 {[%clk 0:00:44]} 80. Kc4 {[%clk 0:02:22]} Rf5
{[%clk 0:00:42]} 81. Kb3 {[%clk 0:02:10]} Rc5 {[%clk 0:00:47]} 82. Ka3
{[%clk 0:02:06]} Rc6 {[%clk 0:00:53]} 83. Kb3 {[%clk 0:02:27]} Kh4
{[%clk 0:01:17]} 84. Rg2 {[%clk 0:02:14]} Rf6 {[%clk 0:00:43]} 85. Kc4
{[%clk 0:02:31]} Rf4+ {[%clk 0:00:38]} 86. Kb3 {[%clk 0:02:55]} Rf3+
{[%clk 0:00:48]} 87. Kb2 {[%clk 0:02:58]} Rf4 {[%clk 0:01:03]} 88. Kb3
{[%clk 0:03:21]} Rf3+ {[%clk 0:01:31]} 89. Kb2 {[%clk 0:03:42]} Rf6
{[%clk 0:00:51]} 90. Kb3 Kh3 {[%clk 0:01:13]} 91. Rg5 {[%clk 0:03:50]} Rf4
{[%clk 0:00:49]} 92. Ka3 {[%clk 0:03:23]} Rb4 {[%clk 0:00:43]} 93. Rg6
{[%clk 0:03:37]} Kh2 {[%clk 0:00:36]} 94. Rg5 {[%clk 0:03:54]} Kh3
{[%clk 0:00:55]} 95. Rg6 {[%clk 0:04:19]} Kh4 {[%clk 0:01:23]} 96. Rg2
{[%clk 0:04:25]} Rg4 {[%clk 0:00:34]} 97. Rxg4+ {[%clk 0:03:45]} Kxg4
{[%clk 0:01:03]} 98. Kb3 {[%clk 0:04:08]} Kf4 {[%clk 0:01:30]} 99. Kc4
{[%clk 0:04:30]} Ke4 {[%clk 0:01:52]} 100. Kb5 {[%clk 0:04:51]} Kd5
{[%clk 0:02:21]} 101. Kxb6 {[%clk 0:05:07]} 1/2-1/2